New Zealand small towns and cities Part 1 - Statistics

General Stats
  • This quiz has been taken 16 times
  • The average score is 5 of 10
Answer Stats
Hint Answer % Correct
Interislander, Bluebridge Picton
91%
Fastest growing City Auckland
73%
Dannevegas Dannevirke
73%
Next to the Waitangi grounds Paihia
55%
First town to receive electricity Reefton
55%
Has its own region Nelson
45%
Lake Waikaremoana Te Urewera
36%
Boy (Taika Waititi) Waihau Bay
27%
Home of the white kiwi Eketahuna
18%
The good shepherd Lake Tekapo
18%
No matching quizzes found
Score Distribution
Percent of People with Each Score
Percentile by Number Answered
Your Score History
You have not taken this quiz